| 000 | 00551cam a22001937a 4500 | ||
|---|---|---|---|
| 001 | 000001517 | ||
| 005 | 20200929145614.0 | ||
| 008 | 781219s1965 sp 001 1 spa | ||
| 020 | _a8470175041 : | ||
| 040 |
_aDO-SdBNP _bspa _cBNPHU |
||
| 082 |
_a863.64 _bB276e |
||
| 100 | 1 |
_aBarrios, Manuel, _d1924- _95007 |
|
| 245 | 1 | 3 |
_aLa espuela / _cManuel Barrios. |
| 260 |
_aBarcelona : _bDestino, _c1965. |
||
| 300 |
_a217 p. ; _c19 cm. |
||
| 440 | 0 |
_aÁncora y Delfín ; _v262 _95000 |
|
| 650 | 4 |
_aNovela española _91123 |
|
| 650 | 4 |
_aLiteratura española _9632 |
|
| 999 |
_c1421 _d1421 |
||